[Event "VIII Festival A"]
[Site "Cesenatico ITA"]
[Date "2003.08.31"]
[Round "1"]
[White "Bonacci, Mauro"]
[Black "Traversi, Carlo"]
[Result "1-0"]
[WhiteElo "2194"]
[BlackElo "1875"]
[PlyCount "53"]
[EventDate "2003.08.31"]

1. e4 Nc6 2. d4 e5 3. d5 Nce7 4. c4 Ng6 5. g3 Bc5 6. Bg2 d6 7. Ne2 N8e7 8. h4
h5 9. a3 a6 10. Nbc3 Bd7 11. Qd3 Rb8 12. b4 Ba7 13. Be3 Bxe3 14. Qxe3 f5 15.
Qg5 Rh6 16. O-O Ng8 17. exf5 N6e7 18. Be4 Qc8 19. f4 Bxf5 20. Bxf5 Qxf5 21.
Qxf5 Nxf5 22. fxe5 Ne3 23. Rf3 Nxc4 24. Raf1 Nf6 25. exf6 Rxf6 26. Rxf6 gxf6
27. Rxf6 1-0

[Event "VIII Festival A"]
[Site "Cesenatico ITA"]
[Date "2003.08.31"]
[Round "1"]
[White "Bonani, Georg"]
[Black "Yeuillaz, Corrado"]
[Result "0-1"]
[WhiteElo "1867"]
[BlackElo "2192"]
[PlyCount "64"]
[EventDate "2003.08.31"]

1. e4 e6 2. d4 d5 3. Nd2 Nf6 4. e5 Nfd7 5. Bd3 c5 6. c3 Nc6 7. Ne2 Qb6 8. Nf3
cxd4 9. cxd4 f6 10. exf6 Nxf6 11. O-O Bd6 12. Nc3 O-O 13. b3 Kh8 14. Bb1 a6 15.
Bg5 Qc7 16. Bh4 Bd7 17. Bg3 Bxg3 18. hxg3 Rac8 19. Na4 e5 20. dxe5 Nxe5 21.
Nxe5 Qxe5 22. Bd3 b5 23. Nb6 Bg4 24. Qe1 Qxe1 25. Rfxe1 Rc6 26. Nxd5 Nxd5 27.
Be4 Rd6 28. f3 Be6 29. Rad1 Rfd8 30. Rc1 Nf6 31. Bb7 Bd5 32. Bxd5 Rxd5 0-1

[Event "VIII Festival A"]
[Site "Cesenatico ITA"]
[Date "2003.08.31"]
[Round "1"]
[White "Brancaleoni, Maurizio"]
[Black "Benincasa, Marco"]
[Result "1-0"]
[WhiteElo "2298"]
[BlackElo "1989"]
[PlyCount "63"]
[EventDate "2003.08.31"]

1. Nf3 c5 2. c4 Nc6 3. e3 Nf6 4. d4 cxd4 5. exd4 d5 6. Nc3 g6 7. cxd5 Nxd5 8.
Qb3 Nxc3 9. Bc4 Nd5 10. Bxd5 e6 11. Bxc6+ bxc6 12. O-O Bg7 13. Bg5 Qd6 14. Qe3
O-O 15. Bh6 Ba6 16. Bxg7 Kxg7 17. Rfc1 Rfd8 18. Rc5 Rab8 19. Qc3 Bb7 20. d5+
Kg8 21. dxc6 Rdc8 22. Ne5 Rc7 23. Nd7 Rxd7 24. cxd7 Qxd7 25. h4 h5 26. Rxh5
gxh5 27. Qg3+ Kh7 28. Qxb8 Qd4 29. Qg3 Qd2 30. b3 Qd4 31. Re1 Bd5 32. Qg5 1-0

[Event "VIII Festival A"]
[Site "Cesenatico ITA"]
[Date "2003.08.31"]
[Round "1"]
[White "Cioara, Andrei Nestor"]
[Black "Cecchetto, Vanni"]
[Result "1-0"]
[WhiteElo "2394"]
[BlackElo "2051"]
[PlyCount "107"]
[EventDate "2003.08.31"]

1. d4 d5 2. Nf3 Nf6 3. g3 e6 4. Bg2 Be7 5. O-O O-O 6. c4 c6 7. Nc3 Nbd7 8. cxd5
cxd5 9. Bf4 a6 10. Rc1 Re8 11. Na4 Qa5 12. a3 b5 13. Nc5 b4 14. Bd2 Qb5 15.
axb4 Nxc5 16. bxc5 Ne4 17. Bc3 a5 18. Nd2 Nxc3 19. bxc3 Ra7 20. Rb1 Qd7 21. c4
Ba6 22. cxd5 exd5 23. Re1 Bf6 24. e3 a4 25. Rb6 Be7 26. e4 dxe4 27. Nxe4 a3 28.
d5 a2 29. d6 Bb7 30. Rxb7 Rxb7 31. c6 Qxc6 32. Qa1 Rbb8 33. dxe7 Qc2 34. Nd6
Rb2 35. Qxb2 Qxb2 36. Nxe8 a1=Q 37. Nf6+ gxf6 38. e8=Q+ Kg7 39. Rxa1 Qxa1+ 40.
Bf1 Qd1 41. Qe4 h6 42. Kg2 Qh5 43. Bd3 Qg5 44. h4 Qh5 45. f3 Kf8 46. Qf5 Qxf5
47. Bxf5 h5 48. f4 Kg7 49. Kf3 Kh6 50. Bc2 f5 51. Bxf5 f6 52. Bc2 Kg7 53. Ke4
Kf7 54. Kf5 1-0

[Event "VIII Festival A"]
[Site "Cesenatico ITA"]
[Date "2003.08.31"]
[Round "1"]
[White "Costantini, Roberto"]
[Black "Pircher, Karl"]
[Result "1-0"]
[WhiteElo "2334"]
[BlackElo "2040"]
[PlyCount "57"]
[EventDate "2003.08.31"]

1. e4 e6 2. d4 d5 3. Nc3 Nf6 4. e5 Nfd7 5. f4 c5 6. Nf3 Nc6 7. Be3 cxd4 8. Nxd4
Bc5 9. Qd2 a6 10. O-O-O Qc7 11. Kb1 b5 12. Qf2 Na5 13. Bd3 Nc4 14. Bc1 Qa7 15.
Nce2 Bb7 16. Rhf1 O-O-O 17. c3 Bb6 18. Bc2 Na5 19. f5 Nxe5 20. fxe6 fxe6 21.
Qg3 Nac6 22. Nxe6 Rd6 23. Bf4 Rxe6 24. Bf5 Rhe8 25. Bxe5 g6 26. Bxe6+ Rxe6 27.
Rf8+ Nd8 28. Qg4 Kd7 29. Nf4 1-0

[Event "VIII Festival A"]
[Site "Cesenatico ITA"]
[Date "2003.08.31"]
[Round "1"]
[White "Guglielmi, Giuseppe"]
[Black "Dragojlovic, Andjelko"]
[Result "0-1"]
[WhiteElo "1991"]
[BlackElo "2312"]
[PlyCount "56"]
[EventDate "2003.08.31"]

1. d4 Nf6 2. Nf3 g6 3. c4 Bg7 4. Nc3 d5 5. e3 O-O 6. Be2 c5 7. cxd5 Nxd5 8. O-O
Nc6 9. e4 Nxc3 10. bxc3 cxd4 11. Ba3 dxc3 12. Qb3 Qa5 13. Bc4 Bg4 14. Rad1 Bxf3
15. Rd5 Qc7 16. gxf3 Na5 17. Qb4 Nxc4 18. Rc5 Qxc5 19. Qxc5 Rfc8 20. Qxe7 Bf8
21. Qf6 Nxa3 22. e5 Rc6 23. Qg5 c2 24. Rc1 a6 25. f4 Nb5 26. h4 Ba3 27. f5 Bxc1
28. Qxc1 Nd4 0-1

[Event "VIII Festival A"]
[Site "Cesenatico ITA"]
[Date "2003.08.31"]
[Round "1"]
[White "Lagrotteria, Salvatore"]
[Black "Rebeggiani, Luca"]
[Result "1-0"]
[WhiteElo "2175"]
[BlackElo "1867"]
[PlyCount "45"]
[EventDate "2003.08.31"]

1. d4 Nf6 2. c4 e6 3. g3 d5 4. Bg2 c6 5. Nf3 Bd6 6. Nbd2 Nbd7 7. O-O O-O 8. Qc2
Re8 9. e4 dxe4 10. Ng5 Bf8 11. Rd1 e5 12. Ndxe4 exd4 13. Rxd4 g6 14. Be3 Qa5
15. Bh3 Kg7 16. Bxd7 Nxd7 17. Rxd7 Bxd7 18. Bd4+ Re5 19. f4 f6 20. fxe5 fxe5
21. Qf2 Bf5 22. Bc3 Qc7 23. Ne6+ 1-0

[Event "VIII Festival A"]
[Site "Cesenatico ITA"]
[Date "2003.08.31"]
[Round "1"]
[White "Molina, Fabrizio"]
[Black "Bossoni, Mario"]
[Result "1-0"]
[WhiteElo "2249"]
[BlackElo "1939"]
[PlyCount "63"]
[EventDate "2003.08.31"]

1. c4 e6 2. Nf3 d5 3. b3 Nf6 4. Bb2 Be7 5. g3 O-O 6. Bg2 c5 7. e3 Nc6 8. O-O b6
9. Qe2 Ba6 10. d3 Rc8 11. Nc3 Qc7 12. Rfd1 Rfd8 13. Rac1 dxc4 14. bxc4 Qb8 15.
a3 Bb7 16. Nb5 a6 17. Nc3 Ba8 18. d4 Na5 19. d5 exd5 20. cxd5 Nxd5 21. Qxa6 Nb3
22. Rb1 c4 23. Nxd5 Rxd5 24. Rxd5 Bxd5 25. Nd4 Bxg2 26. Kxg2 Na5 27. Bc3 Qa8+
28. Qxa8 Rxa8 29. Rxb6 Bxa3 30. Bxa5 Rxa5 31. Rb8+ Bf8 32. Nc6 1-0

[Event "VIII Festival A"]
[Site "Cesenatico ITA"]
[Date "2003.08.31"]
[Round "1"]
[White "Perich, Stefano"]
[Black "Voltolini, Giuseppe"]
[Result "0-1"]
[WhiteElo "1984"]
[BlackElo "2254"]
[PlyCount "78"]
[EventDate "2003.08.31"]

1. d4 d5 2. Nf3 Nc6 3. Bf4 Bg4 4. e3 e6 5. Be2 Bd6 6. Bg3 Nf6 7. O-O Bxg3 8.
hxg3 O-O 9. Nbd2 Bxf3 10. gxf3 e5 11. dxe5 Nxe5 12. f4 Ned7 13. Nb3 c6 14. Kg2
Qe7 15. Rh1 Rfd8 16. Bd3 c5 17. Nd2 Nf8 18. c3 Ne4 19. Rh5 g6 20. Rh4 Rab8 21.
Qc2 Nxd2 22. Qxd2 b5 23. f5 b4 24. cxb4 c4 25. Be2 Qxb4 26. Rd4 Qxb2 27. Qxb2
Rxb2 28. Bxc4 Re8 29. Rxd5 Rxe3 30. fxg6 hxg6 31. a4 Rc3 32. Bb5 Rcc2 33. Rf1
Kg7 34. Rd8 Nh7 35. Ra8 Nf6 36. Kf3 Rc3+ 37. Kf4 Rb4+ 38. Ke5 Re4+ 39. Kd6 Re6#
0-1

[Event "VIII Festival A"]
[Site "Cesenatico ITA"]
[Date "2003.08.31"]
[Round "1"]
[White "Pozzi, Enrico"]
[Black "Del Vecchio, Gastone"]
[Result "1-0"]
[WhiteElo "2205"]
[BlackElo "1889"]
[PlyCount "53"]
[EventDate "2003.08.31"]

1. e4 c5 2. Nf3 d6 3. Bb5+ Bd7 4. Bxd7+ Qxd7 5. O-O Nf6 6. Qe2 Nc6 7. c3 e6 8.
Rd1 Be7 9. d4 Qc7 10. d5 Ne5 11. Nxe5 dxe5 12. Na3 exd5 13. exd5 Rd8 14. Nb5
Qb6 15. d6 Bxd6 16. Nxd6+ Rxd6 17. Qxe5+ Kd7 18. Bf4 Ne8 19. Rxd6+ Qxd6 20.
Qxd6+ Nxd6 21. Rd1 Re8 22. Rxd6+ Kc8 23. Kf1 Re4 24. g3 h6 25. a3 c4 26. Be3 a6
27. Rd4 1-0

[Event "VIII Festival A"]
[Site "Cesenatico ITA"]
[Date "2003.08.31"]
[Round "1"]
[White "Rossi, Giampiero"]
[Black "Roeder, Matthias"]
[Result "0-1"]
[WhiteElo "2052"]
[BlackElo "2451"]
[PlyCount "98"]
[EventDate "2003.08.31"]

1. d4 Nf6 2. c4 g6 3. g3 Bg7 4. Bg2 O-O 5. Nc3 d6 6. Nf3 c6 7. O-O Qa5 8. Qd2
Qh5 9. Qg5 Na6 10. Qxh5 Nxh5 11. Be3 f5 12. Rad1 h6 13. Bc1 Nf6 14. b3 Bd7 15.
Bb2 Rfe8 16. e3 Rab8 17. Rd2 Kf7 18. Rfd1 b5 19. cxb5 cxb5 20. Bf1 Nc7 21. Rc1
Ncd5 22. Nxd5 Nxd5 23. Ne1 g5 24. Nd3 a5 25. Bg2 Be6 26. Bf3 Nf6 27. Bc3 b4 28.
Ba1 Bd5 29. Bxd5+ Nxd5 30. Rdc2 Ra8 31. Nb2 h5 32. Na4 Bf6 33. Rc6 Reb8 34.
R1c2 h4 35. Bb2 Ke8 36. Bc1 Kd7 37. Bd2 g4 38. Kf1 e5 39. dxe5 Bxe5 40. Ke2 Rb5
41. R6c4 Rh8 42. e4 fxe4 43. Rxe4 hxg3 44. hxg3 Nf6 45. Rec4 Rh2 46. Bf4 Ke6
47. Kf1 Bxf4 48. Rxf4 Re5 49. Nb6 Rh1+ 0-1

[Event "VIII Festival A"]
[Site "Cesenatico ITA"]
[Date "2003.08.31"]
[Round "1"]
[White "Strijkers, Niek"]
[Black "Naumkin, Igor"]
[Result "0-1"]
[WhiteElo "2153"]
[BlackElo "2406"]
[PlyCount "54"]
[EventDate "2003.08.31"]

1. e4 e5 2. Nf3 Nc6 3. Bb5 a6 4. Ba4 Nf6 5. Qe2 b5 6. Bb3 Be7 7. O-O d6 8. c3
O-O 9. d3 h6 10. Nbd2 Re8 11. Rd1 Bf8 12. Nf1 Be6 13. Bc2 d5 14. Be3 Qd7 15. h3
Rad8 16. Ng3 Qc8 17. Nd2 d4 18. cxd4 exd4 19. Bf4 g5 20. Nh5 Nxh5 21. Bxg5 hxg5
22. Qxh5 f6 23. f4 gxf4 24. Rf1 Bf7 25. Bb3 Bxb3 26. axb3 Re5 27. Qg6+ Bg7 0-1

[Event "VIII Festival A"]
[Site "Cesenatico ITA"]
[Date "2003.08.31"]
[Round "1"]
[White "Weinberg, Emanuele"]
[Black "Di Caro, Calogero"]
[Result "1/2-1/2"]
[WhiteElo "1937"]
[BlackElo "2221"]
[PlyCount "81"]
[EventDate "2003.08.31"]

1. d4 d6 2. c4 e5 3. dxe5 dxe5 4. Qxd8+ Kxd8 5. Nf3 f6 6. Nc3 Be6 7. b3 Nd7 8.
Bb2 c6 9. e3 Nh6 10. h3 Kc7 11. O-O-O a5 12. g4 Nf7 13. Ne4 Nd6 14. Nfd2 Nxe4
15. Nxe4 Be7 16. Bd3 h5 17. Be2 h4 18. f4 exf4 19. exf4 Nc5 20. Nxc5 Bxc5 21.
f5 Bd7 22. Bf3 Rae8 23. Rhe1 Bf2 24. Rxe8 Rxe8 25. Kc2 b6 26. Rd2 Bg3 27. Re2
Rxe2+ 28. Bxe2 Kd6 29. Kd3 c5 30. Bf3 b5 31. Bd5 Be5 32. Bc1 b4 33. Ke4 a4 34.
g5 fxg5 35. Bxg5 a3 36. f6 gxf6 37. Bxh4 Ba4 38. Be1 Bxb3 39. Bxb4 cxb4 40. c5+
Kxc5 41. Bxb3 1/2-1/2

[Event "VIII Festival A"]
[Site "Cesenatico ITA"]
[Date "2003.09.01"]
[Round "2"]
[White "Bernardi, Ruben"]
[Black "Weinberg, Emanuele"]
[Result "1/2-1/2"]
[WhiteElo "2155"]
[BlackElo "1937"]
[PlyCount "65"]
[EventDate "2003.08.31"]

1. Nf3 d5 2. g3 g6 3. Bg2 Bg7 4. d3 Nf6 5. Nbd2 c6 6. O-O O-O 7. e4 Bg4 8. h3
Bxf3 9. Qxf3 Nbd7 10. Qe2 e5 11. Nb3 Re8 12. a4 h6 13. c3 dxe4 14. dxe4 Nh5 15.
Be3 Qc7 16. Rad1 Rad8 17. Nc1 Nf8 18. b4 b6 19. Nb3 Ne6 20. Kh2 Rxd1 21. Rxd1
Rd8 22. a5 Nf6 23. axb6 axb6 24. Ra1 c5 25. bxc5 bxc5 26. Qa6 Rd6 27. Qa8+ Rd8
28. Qa7 Qxa7 29. Rxa7 Rd3 30. Nxc5 Nxc5 31. Bxc5 Rxc3 32. Bd6 Rc2 33. Kg1
1/2-1/2

[Event "VIII Festival A"]
[Site "Cesenatico ITA"]
[Date "2003.09.01"]
[Round "2"]
[White "Cetkovic, Sergio"]
[Black "Brancaleoni, Maurizio"]
[Result "0-1"]
[WhiteElo "2128"]
[BlackElo "2298"]
[PlyCount "154"]
[EventDate "2003.08.31"]

1. h3 e5 2. c3 Nf6 3. d4 Nc6 4. dxe5 Nxe5 5. Nf3 Nxf3+ 6. exf3 Bc5 7. Bd3 Qe7+
8. Qe2 Qxe2+ 9. Bxe2 O-O 10. O-O d5 11. Bf4 c6 12. Bd3 Nh5 13. Bd2 Bd6 14. Re1
Nf4 15. Bc2 b6 16. a4 Ba6 17. Be3 Nd3 18. Bxd3 Bxd3 19. Nd2 a5 20. f4 c5 21.
Nf3 Ba6 22. Ne5 Rfd8 23. Rad1 f6 24. Nf3 Bc4 25. Nd2 Ba6 26. Nf3 Bc4 27. Nd2
Bd3 28. Nf3 Bc2 29. Rxd5 Bxa4 30. Rd2 Bb3 31. Rd3 Bc4 32. Rdd1 Bb3 33. Rd3 Bf8
34. Rxd8 Rxd8 35. Nd2 Bd5 36. Rb1 b5 37. Ra1 Ra8 38. c4 bxc4 39. Rc1 Rb8 40.
Nxc4 Rb5 41. Na3 Rxb2 42. Bxc5 a4 43. Nc4 Bxc4 44. Bxf8 Kxf8 45. Rxc4 a3 46.
Rc8+ Ke7 47. Kh2 Rxf2 48. Rc7+ Kf8 49. Ra7 a2 50. Kg3 Rc2 51. f5 Ke8 52. Kf3
Kd8 53. g4 Kc8 54. Ke4 Kb8 55. Ra3 Kc7 56. Kd5 Re2 57. Kc5 Rd2 58. Ra7+ Kb8 59.
Ra3 Kb7 60. Rb3+ Kc7 61. Ra3 h6 62. Ra7+ Kd8 63. Kb4 Ke8 64. Kc4 Kf8 65. Kb3
Rh2 66. Kc4 Rxh3 67. Ra8+ Kf7 68. Ra7+ Kg8 69. Rxa2 Rg3 70. Kd5 Rxg4 71. Ke6
Re4+ 72. Kd6 Re5 73. Rf2 Kh7 74. Kd7 h5 75. Kd6 Kh6 76. Kd7 Re4 77. Kd6 Kg5 0-1

[Event "VIII Festival A"]
[Site "Cesenatico ITA"]
[Date "2003.09.01"]
[Round "2"]
[White "Dragojlovic, Andjelko"]
[Black "Freuler, Roman"]
[Result "1-0"]
[WhiteElo "2312"]
[BlackElo "2121"]
[PlyCount "87"]
[EventDate "2003.08.31"]

1. e4 c5 2. Nf3 d6 3. c3 Nf6 4. Be2 g6 5. O-O Bg7 6. Bb5+ Bd7 7. Bxd7+ Qxd7 8.
Re1 Nc6 9. d4 cxd4 10. cxd4 d5 11. e5 Ne4 12. Nc3 Nxc3 13. bxc3 e6 14. h4 h5
15. Ba3 Rc8 16. Ng5 Bf8 17. Bxf8 Kxf8 18. Qf3 Qe7 19. Re3 Rc7 20. Qf4 Kg7 21.
Rf3 Rhc8 22. g4 Rh8 23. Kg2 Nd8 24. Rg1 Kg8 25. Kh2 Rc4 26. Rgg3 Ra4 27. Kg2 b5
28. gxh5 Rxh5 29. Qg4 Rh6 30. Rf6 Kf8 31. Qf4 Rh5 32. Rf3 Rxg5+ 33. Qxg5 Ke8
34. h5 gxh5 35. Qxh5 Rxa2 36. Rg3 a5 37. Rg7 a4 38. Qh8+ Kd7 39. Rg8 Nc6 40.
Rf8 Nd8 41. Rxd8+ Qxd8 42. Rxf7+ Kc8 43. Rf8 Qxf8 44. Qxf8+ 1-0

[Event "VIII Festival A"]
[Site "Cesenatico ITA"]
[Date "2003.09.01"]
[Round "2"]
[White "Forno, Roberto"]
[Black "Pozzi, Enrico"]
[Result "0-1"]
[WhiteElo "2064"]
[BlackElo "2205"]
[PlyCount "62"]
[EventDate "2003.08.31"]

1. d4 d6 2. Nf3 Nf6 3. c4 c6 4. Nc3 Nbd7 5. Bg5 h6 6. Bh4 e6 7. e4 Be7 8. Bd3
e5 9. O-O O-O 10. d5 Nxd5 11. exd5 Bxh4 12. dxc6 bxc6 13. Be4 Bb7 14. Qxd6 Be7
15. Qd2 Qc7 16. Bc2 Rfe8 17. Rfe1 Rad8 18. Qd3 g6 19. Qe3 Bf8 20. Nh4 Nf6 21.
Qxa7 Rd4 22. Nxg6 Ra8 23. Qxa8 Bxa8 24. Nxe5 Rd2 25. Rac1 Bb7 26. Nf3 Rd8 27.
a3 Qf4 28. Ne2 Qc7 29. b4 c5 30. b5 Ng4 31. h3 Bxf3 0-1

[Event "VIII Festival A"]
[Site "Cesenatico ITA"]
[Date "2003.09.01"]
[Round "2"]
[White "Frilli, Guido"]
[Black "Schuster, Karsten"]
[Result "1/2-1/2"]
[WhiteElo "2071"]
[BlackElo "2246"]
[PlyCount "65"]
[EventDate "2003.08.31"]

1. e4 c6 2. d4 d5 3. Nc3 dxe4 4. Nxe4 Nd7 5. Ng5 Ngf6 6. Bd3 e6 7. N1f3 Bd6 8.
Qe2 h6 9. Ne4 Nxe4 10. Qxe4 Nf6 11. Qe2 Qc7 12. Bd2 b6 13. O-O-O Bb7 14. Ne5
O-O-O 15. f4 Kb8 16. Rhf1 Rhe8 17. g4 Nd5 18. Be4 f6 19. Nd3 Ba6 20. Qf3 Rf8
21. Rf2 g5 22. f5 exf5 23. Bxf5 Ne7 24. Be4 Bc8 25. Qg2 h5 26. h3 hxg4 27. hxg4
Qd7 28. Rdf1 Qe6 29. Kb1 Qc4 30. Rxf6 Rh8 31. Rh1 Rxh1+ 32. Qxh1 Bxg4 33. Bxg5
1/2-1/2

[Event "VIII Festival A"]
[Site "Cesenatico ITA"]
[Date "2003.09.01"]
[Round "2"]
[White "Gromovs, Sergejs"]
[Black "Scotti, Umberto"]
[Result "1-0"]
[WhiteElo "2345"]
[BlackElo "2135"]
[PlyCount "81"]
[EventDate "2003.08.31"]

1. d4 d5 2. Nf3 Nc6 3. Bf4 Bf5 4. e3 e6 5. Bb5 Bd6 6. Ne5 Bxe5 7. Bxe5 Nf6 8.
Nd2 O-O 9. Bxc6 bxc6 10. Nb3 Nd7 11. Bf4 Re8 12. O-O e5 13. Bg3 Rb8 14. Rc1 c5
15. dxc5 c6 16. f4 Be4 17. fxe5 Nxe5 18. Qd4 f6 19. Nd2 Qa5 20. a3 Rbd8 21. b4
Qb5 22. Nxe4 dxe4 23. Qc3 a5 24. Bxe5 Rxe5 25. Rcd1 Red5 26. Rd4 Rxd4 27. exd4
axb4 28. axb4 Rd5 29. Ra1 h6 30. Re1 f5 31. h3 Qb8 32. Qc4 Qg3 33. Re2 Qb8 34.
c3 Kh7 35. Qa6 Qc7 36. b5 cxb5 37. Qxb5 Rd8 38. c6 Kg6 39. Rf2 f4 40. g4 Kh7
41. Qf5+ 1-0

[Event "VIII Festival A"]
[Site "Cesenatico ITA"]
[Date "2003.09.01"]
[Round "2"]
[White "Maahs, Erich"]
[Black "Pace, Roberto"]
[Result "1-0"]
[WhiteElo "2201"]
[BlackElo "2067"]
[PlyCount "70"]
[EventDate "2003.08.31"]

1. e4 e5 2. Nc3 Nf6 3. Bc4 Bb4 4. Qf3 O-O 5. Nge2 Nc6 6. h3 Na5 7. d3 Nxc4 8.
dxc4 c6 9. Bg5 Be7 10. O-O-O Qa5 11. Kb1 a6 12. Nc1 d6 13. Nb3 Qc7 14. Qd3 Be6
15. f4 b5 16. Nd2 Rfd8 17. Bxf6 Bxf6 18. f5 Bc8 19. g4 b4 20. Ne2 d5 21. Qe3
Be7 22. Ng3 a5 23. g5 Bf8 24. h4 Ba6 25. h5 g6 26. hxg6 fxg6 27. fxg6 hxg6 28.
exd5 cxd5 29. cxd5 Bg7 30. Nde4 Rac8 31. Rh2 Qe7 32. Nf6+ Bxf6 33. gxf6 Qxf6
34. Ne4 Qg7 35. Qh3 Rc7 1-0

[Event "VIII Festival A"]
[Site "Cesenatico ITA"]
[Date "2003.09.01"]
[Round "2"]
[White "Mueller, Martin"]
[Black "Molina, Fabrizio"]
[Result "1/2-1/2"]
[WhiteElo "2074"]
[BlackElo "2249"]
[PlyCount "66"]
[EventDate "2003.08.31"]

1. d4 d5 2. Nf3 e6 3. g3 c5 4. Bg2 cxd4 5. O-O Nf6 6. Bf4 Bd6 7. Bxd6 Qxd6 8.
Nxd4 O-O 9. c4 Qb6 10. cxd5 Qxb2 11. dxe6 Qxa1 12. Qd2 fxe6 13. Nc3 Qxf1+ 14.
Kxf1 e5 15. Ndb5 Nc6 16. Nc7 Rb8 17. Ne4 Nxe4 18. Bxe4 Bh3+ 19. Ke1 Rfd8 20.
Qg5 Rd6 21. f3 Rc8 22. Nb5 Rh6 23. g4 a6 24. Nc3 Kh8 25. Nd5 b5 26. Ne3 Nd8 27.
Qxe5 Nf7 28. Qe7 Nd6 29. Qd7 Rf8 30. Bb7 Rhf6 31. Nd5 R8f7 32. Qd8+ Rf8 33. Qd7
R8f7 1/2-1/2

[Event "VIII Festival A"]
[Site "Cesenatico ITA"]
[Date "2003.09.01"]
[Round "2"]
[White "Naumkin, Igor"]
[Black "Lagrotteria, Salvatore"]
[Result "1-0"]
[WhiteElo "2406"]
[BlackElo "2175"]
[PlyCount "89"]
[EventDate "2003.08.31"]

1. d4 Nf6 2. Nf3 d6 3. c4 g6 4. Nc3 Bg7 5. e4 O-O 6. Be2 e5 7. d5 c5 8. Bg5 h6
9. Bh4 a6 10. Nd2 Bd7 11. O-O b6 12. a3 Qc7 13. Bg3 h5 14. h3 Be8 15. f4 Nbd7
16. Nf3 Nh7 17. fxe5 Nxe5 18. Nxe5 Bxe5 19. Bxe5 dxe5 20. Qd3 Qd6 21. Qg3 Kh8
22. Rf2 Ra7 23. Raf1 f6 24. Qe3 g5 25. Bd1 Rg7 26. Ba4 Bg6 27. b4 Rc7 28. Bc6
cxb4 29. Na4 Rxc6 30. dxc6 Qxc6 31. Nxb6 Bxe4 32. axb4 f5 33. c5 g4 34. Nc4 Qd5
35. Qc3 gxh3 36. Nxe5 Rf6 37. Ng6+ Kg7 38. Nf4 Qf7 39. Qxh3 Kh6 40. Qe3 Ng5 41.
Nh3 Qg7 42. Kh2 Rg6 43. Rxf5 Bxf5 44. Rxf5 Qc7+ 45. Kh1 1-0

[Event "VIII Festival A"]
[Site "Cesenatico ITA"]
[Date "2003.09.01"]
[Round "2"]
[White "Popa, Claudiu"]
[Black "Costantini, Roberto"]
[Result "1/2-1/2"]
[WhiteElo "2148"]
[BlackElo "2334"]
[PlyCount "83"]
[EventDate "2003.08.31"]

1. e4 c5 2. c3 Nf6 3. e5 Nd5 4. d4 cxd4 5. cxd4 d6 6. Nf3 Nc6 7. Bc4 Nb6 8. Bb5
Bd7 9. Nc3 dxe5 10. Nxe5 e6 11. O-O Rc8 12. Qf3 Qf6 13. Qxf6 gxf6 14. Nxd7 Nxd7
15. d5 Nce5 16. Ne4 Be7 17. f4 Nc4 18. dxe6 fxe6 19. Rd1 Ncb6 20. Be3 a6 21.
Bxd7+ Nxd7 22. Nd6+ Bxd6 23. Rxd6 Ke7 24. Rad1 Rhd8 25. R1d2 f5 26. Kf1 Nf6 27.
Rxd8 Rxd8 28. Rxd8 Kxd8 29. Ke2 Kd7 30. Kd3 Nd5 31. Bd2 Kd6 32. Kd4 b6 33. b3
a5 34. a4 Ne7 35. Kc4 Kc6 36. Kd4 Ng6 37. g3 h5 38. Be3 Kd6 39. Kc4 Kc6 40. Kd4
Kd6 41. Kc4 Kc6 42. Kd4 1/2-1/2

[Event "VIII Festival A"]
[Site "Cesenatico ITA"]
[Date "2003.09.01"]
[Round "2"]
[White "Roeder, Matthias"]
[Black "Bonacci, Mauro"]
[Result "1-0"]
[WhiteElo "2451"]
[BlackElo "2194"]
[PlyCount "103"]
[EventDate "2003.08.31"]

1. d4 Nf6 2. c4 e5 3. dxe5 Ng4 4. Bf4 Nc6 5. Nf3 Bb4+ 6. Nbd2 Qe7 7. e3 Ngxe5
8. Nxe5 Nxe5 9. Be2 b6 10. O-O Bxd2 11. Qxd2 Bb7 12. Qc3 Ng6 13. Bg3 O-O 14. c5
bxc5 15. Rfc1 d6 16. b4 f5 17. bxc5 f4 18. Qb3+ Kh8 19. Qxb7 fxg3 20. hxg3 Ne5
21. cxd6 Qf6 22. f4 cxd6 23. Qd5 Rab8 24. Rf1 Ng6 25. Rad1 Ne7 26. Qxd6 Qxd6
27. Rxd6 Nf5 28. Ra6 Nxe3 29. Rc1 Rf7 30. Rc3 Re7 31. Kf2 Nd5 32. Rb3 Rc8 33.
Rc6 Rce8 34. Bf3 Nf6 35. Rbc3 Kg8 36. Rc8 Rxc8 37. Rxc8+ Kf7 38. Rc5 g6 39. Ra5
h5 40. Kg1 Kg7 41. Kh2 Rc7 42. Kh3 Re7 43. g4 hxg4+ 44. Bxg4 Rc7 45. Bf3 Nd7
46. Ra6 Nc5 47. Rd6 Rd7 48. Rc6 Nd3 49. Kg4 Rd4 50. Kg5 Rxf4 51. Rxg6+ Kf8 52.
Rd6 1-0

[Event "VIII Festival A"]
[Site "Cesenatico ITA"]
[Date "2003.09.01"]
[Round "2"]
[White "Voltolini, Giuseppe"]
[Black "Szirmai, Emil"]
[Result "1/2-1/2"]
[WhiteElo "2254"]
[BlackElo "2094"]
[PlyCount "47"]
[EventDate "2003.08.31"]

1. e4 Nf6 2. e5 Nd5 3. d4 d6 4. Nf3 dxe5 5. Nxe5 g6 6. c4 Nf6 7. Nc3 Bg7 8. Be3
Nbd7 9. Be2 c6 10. h3 Qa5 11. Nxd7 Bxd7 12. O-O O-O 13. Qb3 Rad8 14. Bf4 Bc8
15. Be5 Ne8 16. Bxg7 Nxg7 17. d5 Nf5 18. Rfe1 Nd4 19. Qd1 c5 20. Bg4 Bxg4 21.
hxg4 Rd7 22. Rb1 b5 23. cxb5 Nxb5 24. Qa4 1/2-1/2

[Event "VIII Festival A"]
[Site "Cesenatico ITA"]
[Date "2003.09.01"]
[Round "2"]
[White "Welker, Michael"]
[Black "Cioara, Andrei Nestor"]
[Result "0-1"]
[WhiteElo "2154"]
[BlackElo "2394"]
[PlyCount "82"]
[EventDate "2003.08.31"]

1. c4 e5 2. Nc3 Nf6 3. Nf3 Nc6 4. d4 exd4 5. Nxd4 Bb4 6. Bg5 h6 7. Bh4 O-O 8.
Rc1 Re8 9. e3 g5 10. Bg3 Ne4 11. Be2 d6 12. O-O Bxc3 13. bxc3 Ne5 14. f3 Nxg3
15. hxg3 Qe7 16. e4 Ng6 17. Qd2 Bd7 18. Rce1 Qf8 19. Bd1 Be6 20. Nxe6 fxe6 21.
f4 Qf6 22. Bh5 gxf4 23. gxf4 Rf8 24. e5 dxe5 25. fxe5 Qg7 26. Bxg6 Qxg6 27. Qd7
Rf7 28. Rxf7 Qxf7 29. Qxf7+ Kxf7 30. Rf1+ Ke7 31. Rf6 Rh8 32. Kh2 h5 33. Rg6
Rf8 34. Rg7+ Rf7 35. Rg3 Rf5 36. Re3 Rf4 37. c5 Kd7 38. g3 Rf5 39. Kh3 Kc6 40.
Kh4 Kxc5 41. Re4 b5 0-1

[Event "VIII Festival A"]
[Site "Cesenatico ITA"]
[Date "2003.09.01"]
[Round "2"]
[White "Yeuillaz, Corrado"]
[Black "Tomescu, Vlad"]
[Result "0-1"]
[WhiteElo "2192"]
[BlackElo "2427"]
[PlyCount "126"]
[EventDate "2003.08.31"]

1. d4 Nf6 2. c4 g6 3. Nc3 d5 4. Nf3 Bg7 5. e3 O-O 6. Be2 c5 7. cxd5 Nxd5 8. O-O
Nc6 9. Qb3 Nxc3 10. bxc3 Na5 11. Qa3 cxd4 12. cxd4 Be6 13. Qb4 Rc8 14. Ba3 Bf6
15. Ne5 h5 16. Qa4 a6 17. Bb4 Nc4 18. Nxc4 Bxc4 19. Bxc4 Rxc4 20. Rac1 Rc8 21.
Rxc8 Qxc8 22. Qa3 Qd7 23. Rc1 Rc8 24. h3 Kf8 25. Bc5 Ke8 26. Rb1 e6 27. Qb4 Rc7
28. Qb3 Be7 29. Bxe7 Kxe7 30. a4 Qd5 31. Qb4+ Qd6 32. Qa5 Kd7 33. Qd2 Kc8 34.
a5 Rc4 35. Qb2 Qc7 36. Qa3 Kb8 37. g3 Ka7 38. h4 Qc6 39. Ra1 Rc2 40. Qb4 Qb5
41. Qd6 Qc6 42. Qd8 Qc7 43. Qf8 Qd7 44. Qb4 Qc7 45. Qf8 Qd7 46. Qb4 Rc8 47.
Qb6+ Ka8 48. Rb1 Rc4 49. Ra1 Qc7 50. Qb2 Ka7 51. Qa3 Qd7 52. Qf8 Rc7 53. Qb4
Qe7 54. Qb6+ Kb8 55. Qb3 Qd6 56. Qb2 Rc4 57. Rb1 Qd7 58. Ra1 Qb5 59. Qa3 Qb4
60. Qa2 Qc3 61. Rf1 Ka7 62. Rb1 Qc2 63. Rb2 Qd1+ 0-1

[Event "VIII Festival A"]
[Site "Cesenatico ITA"]
[Date "2003.09.02"]
[Round "3"]
[White "Bonacci, Mauro"]
[Black "Frilli, Guido"]
[Result "1-0"]
[WhiteElo "2194"]
[BlackElo "2071"]
[PlyCount "89"]
[EventDate "2003.08.31"]

1. e4 c5 2. Nc3 g6 3. g3 Bg7 4. Bg2 Nc6 5. Nge2 d6 6. d3 e6 7. Be3 Nd4 8. Qd2
Qa5 9. O-O Ne7 10. Nc1 Nec6 11. Nb3 Qc7 12. Nd1 O-O 13. Nc1 Ne5 14. f3 Ndc6 15.
c3 b6 16. Nf2 f5 17. f4 Nd7 18. Ne2 Bb7 19. Rad1 Rad8 20. d4 Na5 21. b3 Rfe8
22. c4 Nc6 23. d5 Ncb8 24. Nc3 Bxc3 25. Qxc3 e5 26. exf5 gxf5 27. Bh3 Rf8 28.
Nd3 e4 29. Ne1 Bc8 30. Bc1 Nf6 31. Bb2 h5 32. Ng2 Qh7 33. Nh4 Ng4 34. Bxg4 hxg4
35. Kg2 Nd7 36. Rh1 Nf6 37. h3 gxh3+ 38. Rxh3 Rf7 39. Rdh1 Kf8 40. Kf2 Ke7 41.
Nf3 Qg8 42. Ng5 Rff8 43. Rh8 Nxd5 44. cxd5 Qxd5 45. R1h7+ 1-0